Statistics for Countries that Recognize Taiwan

Click here to take the quiz!

General Stats

  • This quiz has been taken 126 times
    (95 since last reset)
  • The average score is 11 of 14

Answer Stats

ContinentCountry% Correct
North AmericaBelize
83%
OceaniaNauru
83%
North AmericaGuatemala
82%
North AmericaHaiti
82%
OceaniaPalau
82%
South AmericaParaguay
82%
North AmericaSt Kitts
82%
North AmericaSt Lucia
82%
North AmericaSt Vincent
81%
North AmericaHonduras
79%
OceaniaTuvalu
78%
OceaniaMarshall Islands
77%
EuropeVatican City
69%
AfricaEswatini
55%

Score Distribution

Percentile by Number Answered

Percent of People with Each Score

Your Score History

You have not taken this quiz since the last reset